<The> No-Nonsense Guide to Leadership, Management and Teamwork
Gespeichert in:
| 1. Verfasser: | |
|---|---|
| Format: | Buch |
| Sprache: | Englisch |
| Veröffentlicht: |
London
Facet Publishing
2019
|
| Schlagworte: | |
| Tags: |
Keine Tags, Fügen Sie das erste Tag hinzu!
|
MARC
| LEADER | 00000nam a2200000 4500 | ||
|---|---|---|---|
| 001 | 0252252 | ||
| 005 | 20240221120052.5 | ||
| 020 | |a 978-1-78330-396-0 | ||
| 020 | |a 978-1-78330-397-7 | ||
| 041 | 0 | |a eng | |
| 044 | |a GB | ||
| 245 | 1 | 0 | |a <The> No-Nonsense Guide to Leadership, Management and Teamwork |c Barbara Allan |
| 264 | 1 | |a London |b Facet Publishing |c 2019 | |
| 300 | |a 245 s. | ||
| 610 | 2 | 0 | |a vodcovstvo |
| 610 | 2 | 0 | |a manažéri |
| 610 | 2 | 0 | |a práca tímová |
| 610 | 2 | 0 | |a seniori |
| 610 | 2 | 0 | |a lídri |
| 610 | 2 | 0 | |a riadenie |
| 610 | 2 | 0 | |a rozhodovanie |
| 610 | 2 | 0 | |a partnerstvo strategické |
| 610 | 2 | 0 | |a riadenie ľudských zdrojov |
| 610 | 2 | 0 | |a riadenie projektové |
| 610 | 2 | 0 | |a riadenie zmien |
| 610 | 2 | 0 | |a komunikácia elektronická |
| 610 | 2 | 0 | |a riadenie výkonov |
| 610 | 2 | 0 | |a koučovanie |
| 610 | 2 | 0 | |a portfólio |
| 100 | 1 | |a Allan, Barbara | |